La réforme hypothécaire en Prusse (Record no. 68716)

MARC details
000 -LEADER
campo de control de longitud fija 00597nam a22001695i 4500
001 - NÚMERO DE CONTROL
campo de control 68716
003 - IDENTIFICADOR DE NÚMERO DE CONTROL
campo de control ES-MaACL
005 - FECHA Y HORA DE LA ÚLTIMA TRANSACCIÓN
campo de control 20230906170337.0
007 - CAMPO FIJO DE DESCRIPCIÓN FÍSICA--INFORMACIÓN GENERAL
campo de control de longitud fija t|
008 - DATOS DE LONGITUD FIJA--INFORMACIÓN GENERAL
campo de control de longitud fija 960827s1873 fr ||||1| fre d
040 ## - FUENTE DE CATALOGACIÓN
Centro catalogador/agencia de origen CAM
Lengua de catalogación spa
Centro/agencia transcriptor CAM
100 1# - ENTRADA PRINCIPAL--NOMBRE DE PERSONA
Nombre de persona Gide, Paul.
9 (RLIN) 56676
245 13 - MENCIÓN DEL TÍTULO
Título La réforme hypothécaire en Prusse
Resto del título : traduction des lois du 5 mai 1872 sur le régime hypothécaire : extrait de l'Annuaire de Législation étrangére, année 1873 /
Mención de responsabilidad, etc. par Paul Gide.
260 ## - PUBLICACIÓN, DISTRIBUCIÓN, ETC.
Lugar de publicación, distribución, etc. Paris :
Nombre del editor, distribuidor, etc. [s.n.,
Fecha de publicación, distribución, etc. 1873] (
Fabricante Impr. Arnous de Riviére)
300 ## - DESCRIPCIÓN FÍSICA
Extensión 68 p. ;
Dimensiones 24 cm.
852 ## - LOCALIZACIÓN
Ubicación ES-MaACL
Número de control de estantería G-5357
Holdings
Estatus retirado Estado de pérdida Estado de daño No para préstamo Colección Biblioteca de origen Biblioteca actual Ubicación en estantería Fecha de adquisición Fuente de adquisición Total de préstamos Signatura topográfica completa Código de barras Visto por última vez Precio de reemplazo Tipo de ítem Koha
        Libros del s. XIX Biblioteca del Ateneo de Madrid Biblioteca del Ateneo de Madrid Depósito 2 17/01/2008     G-5357 1071945 23/02/2023 23/02/2023 Libro impreso antiguo